Roháče Prvé jazero

Zobrazenie: Pohľad v bielom orámovaní na Morské oko - horské jazero. V pozadí aj popredí vidno okolitú prírodu pohoria Roháčov. V pozadí za jazerom sú vrchy

Bibliographic Details
Format: Postcard
Language:Slovak
PhysicalDescription:1 pohľadnica čiernobiela 9 x 14 cm
Published: D. Kubín Klub čst. turistů [1930?]
Subjects:

MARC

LEADER 00000nkm a2200000 a 4500
001 vtls011988930
003 SK-MaSNL
005 20260512123207.0
007 kp bo
008 231120q1930 xo g kuslo
015 |a SNBG1930 
035 |a urn:nbn:sk:snk-km00e9pw 
035 |a urn:nbn:sk:snk-km43hgb 
035 |a 6ECAB83C-0482-4276-9E8C-21E04ADB8D10 
040 |a SNK  |b slo  |c SNK  |e AACR2 
041 0 |a slo 
043 |a e-pl--- e-xo--- 
044 |a xo  |c SK 
072 7 |a 908(437)  |x Vlastiveda Česka a Slovenska  |2 konspekt 
080 |a 911.2(23.0)  |2 2011 
080 |a 908(438)  |2 2011 
080 |a (084.121)  |2 2011 
080 |a 556.55  |2 2011 
080 |a 908(437.6)  |2 2011 
080 |a 551.24.055  |2 2011 
080 |a 551.4.035  |2 2011 
245 0 0 |a Roháče  |h grafika  |b Prvé jazero 
260 |a D. Kubín  |b Klub čst. turistů  |c [1930?]  |e Praha Košíře  |f Fototisk V. Černák 
300 |a 1 pohľadnica  |b čiernobiela  |c 9 x 14 cm 
500 |a Názvové údaje prevzaté z obrazovej časti pohľadnice 
520 8 |a Zobrazenie: Pohľad v bielom orámovaní na Morské oko - horské jazero. V pozadí aj popredí vidno okolitú prírodu pohoria Roháčov. V pozadí za jazerom sú vrchy 
650 0 7 |a jazerá  |2 SNKPH  |9 19987 
650 0 7 |a vrchy a štíty  |2 SNKPH  |9 165131 
650 0 7 |a pohoria  |2 SNKPH  |9 44054 
651 7 |a Roháče (Západné Tatry, Slovensko : pohorie)  |2 SNKPHgeo  |9 74675 
651 7 |a Západné Tatry (Poľsko a Slovensko : pohorie)  |2 SNKPHgeo  |9 68765 
655 7 |a geografické pohľadnice  |2 SNKPH  |9 70522 
852 |a Slovenská národná knižnica 
958 |a GC 
958 |a GBN 
958 |a OND 
958 |a EUIPO 
999 |c 695000  |d 696930 
952 |a SNK  |b SNK  |y PREZ  |7 0  |p 17A1193084  |o snkSP 27099  |z Pohľadnica prešla poštou.  |0 0  |1 0  |4 0  |d 2020-08-24  |f 1  |l 0  |r 2026-02-23 20:39:22  |w 2026-02-23